000 00737nam a2200265Ia 4500
001 2918
005 20240113233602.0
007 ta
008 050317s2003 g b000 u eng u
020 _a81-8205-001-4
_c4500/
040 _aSKBL,Cotton College
041 _aeng
082 _a370.0015
_bPa 192 In
100 _aPandey, V C .
245 0 _aInformation Communation Technology & Education (In 5 Vols) /
_cV C Pandey.
_hTextual Documents
250 _aIst edn /
260 _aDelhi :
_bISHA Books ,
_c2003.
300 _a309p. ;
_c23 cm.
362 _aVol-1-
365 _a4500/
653 _aInformation Communation Technology - Education
942 _2ddc
_cBK
999 _c2906
_d2906